000 00338nam a2200145Ia 4500
008 230718s9999 xx 000 0 und d
041 _aEng.
082 _a34203
_bMAL-C
100 _aMalik, M.A
245 0 _aConstitution of united states
260 _aPakistan
_bP.L.D publisher
_c2003
300 _a198
650 _aLaw
999 _c28519
_d28519